00955nam a22001935i 4500001000700000003000900007005001700016008004100033040002700074100004600101245010200147260005900249300003100308490011400339830012200453852004800575999001900623952011900642156505ES-MaACL20251004063204.0970226s1886 sp a |||| | spa d aCLM bspa cCCPB | SIC1 aJungfleisch, Émile, d1839-1916912839910aManipulations de chimie b: guide pour les travaux pratiques de chimie / cpar Emile Jungfleisch. aParís : bLibraire J.B. Bailliére et fils, c1886. a1240 p. : bil. ; c26 cm.1 aBibliothéque de L' élève en Médecine, physique et chimie médicales . Histoire naturelle médicale0 aBibliothéque de L' élève en Médecine, physique et chimie médicales . Histoire naturelle médicale9221679 aES-MaACLjB-4948 z-- Enc. pasta española c156505d156505 001040708LIBXIXaATENEOMbATENEOMcSPBd2008-01-17l0oB-4948p1163741r2023-02-23 00:00:00w2023-02-23yMONANT